My Favorite Bands/Musicians - Statistics

General Stats
  • This quiz has been taken 27 times
    18 since last reset
  • The average score is 7 of 10
Answer Stats
Picture Hint Answer % Correct
Piano Man Billy Joel
100%
American Idiot Green Day
94%
Welcome to the Jungle Guns N' Roses
89%
Rockaway Beach Ramones
78%
Counting Stars One Republic
72%
Before You Go Lewis Capaldi
61%
Natural Imagine Dragons
56%
Mandy Barry Manilow
50%
Mmmm Mmmm Mmmm Mmmm Crash Test Dummies
28%
Slide Goo Goo Dolls
22%
No matching quizzes found
Score Distribution
Percent of People with Each Score
Percentile by Number Answered
Your Score History
You have not taken this quiz since the last reset